logo

Bir Sreshtho Munshi Abdur Rouf Library
Jhenaidah Cadet College

The Managerial Revolution in Higher Education / (Record no. 7013)

MARC details
000 -LEADER
fixed length control field 00656nam a2200229 a 4500
001 - CONTROL NUMBER
JCCL Control Number 7013
003 - CONTROL NUMBER IDENTIFIER
JCCL marc code BD-JhCC
005 - DATE AND TIME OF LATEST TRANSACTION
control field 20180204094603.0
008 - FIXED-LENGTH DATA ELEMENTS--GENERAL INFORMATION
fixed length control field 180204s1967 u |||| || | 001 0 eng d
035 ## - SYSTEM CONTROL NUMBER
system control number (BD-JhCC)7013
040 ## - CATALOGING SOURCE
Original cataloging agency BD-JhCC
Modifying agency BD-JhCC
041 ## - LANGUAGE CODE
Language code of Book eng
082 ## - DEWEY DECIMAL CLASSIFICATION NUMBER
Classification number 378.1
Author mark and Year ROU 1967
100 ## - MAIN ENTRY--PERSONAL NAME
Personal name Rourke, Francis E.
245 ## - TITLE STATEMENT
Title The Managerial Revolution in Higher Education /
Statement of responsibility, etc Francis E. Rourke and Glenn E. Brooks
260 ## - PUBLICATION, DISTRIBUTION, ETC. (IMPRINT)
Place of publication, distribution, etc New York :
Name of publisher, distributor, etc The John Hopkins Press,
Date of publication, distribution, etc 1967
300 ## - PHYSICAL DESCRIPTION
Pagination 182 p. :
Dimensions 24 cm.
650 ## - SUBJECT ADDED ENTRY--TOPICAL TERM
Topical term or geographic name as entry element Universities and Colleges
General subdivision Administration
700 ## - ADDED ENTRY--PERSONAL NAME
Personal name Brooks, Glenn E.
942 ## - ADDED ENTRY ELEMENTS (KOHA)
Source of classification or shelving scheme Dewey Decimal Classification
Koha item type Books
Holdings
Source of classification or shelving scheme Damaged status Not for loan Home library Current library Shelving location Date of accession Total Checkouts Full call number Barcode Date last seen Copy number Koha item type
Dewey Decimal Classification     JCC Rouf Library JCC Rouf Library General Stacks 02/04/2018   378.1 ROU 1967 988 02/04/2018 C - 1 Books

JCC Library | Contacts | JCC Home

Last Update on 23 September 2017
Copyright @ 2017-2020 JCC Rouf Library
Rouf Library, Jhenidah Cadet College (JCC), Bangladesh